000 00640nam a2200217Ia 4500
008 220501s2016 xx 000 0 eng d
020 _a9788131520369
082 _a658.4031 ZIK-B
100 _aZikmund, William G.
245 0 _aBusiness research methods : a south-asian perspective
_cWilliam G. Zikmund ... [et al.]
250 _a8th
260 _aAndover
_bCengage
_c2016
300 _axxiv, 746p.
650 _aBusiness - Research
650 _aBusiness - Research - Methodology
650 _aManagement - Research
700 _aAdhikari, Atanu
700 _aBabin, Barry J.
700 _aCarr, Jon C.
942 _2ddc
_cBK
_015
999 _c18332
_d18332